Analysis on lie groups with polynomial growth (Record no. 484)

MARC details
000 -LEADER
fixed length control field 00686 a2200193 4500
001 - CONTROL NUMBER
control field 066429
003 - CONTROL NUMBER IDENTIFIER
control field OSt
005 - DATE AND TIME OF LATEST TRANSACTION
control field 20210928122230.0
008 - FIXED-LENGTH DATA ELEMENTS--GENERAL INFORMATION
fixed length control field
082 ## - DEWEY DECIMAL CLASSIFICATION NUMBER
Classification number 512.55
Item number D91A
100 1# - MAIN ENTRY--PERSONAL NAME
Personal name Dungey, Nick
245 1# - TITLE STATEMENT
Title Analysis on lie groups with polynomial growth
Statement of responsibility, etc by Nick Dungey, A.F.M. ter Elst and Derek W. Robinson
260 ## - PUBLICATION, DISTRIBUTION, ETC. (IMPRINT)
Place of publication, distribution, etc Boston
Name of publisher, distributor, etc Birkhouser
Date of publication, distribution, etc 2003
300 ## - PHYSICAL DESCRIPTION
Extent 312p.
690 ## - LOCAL SUBJECT ADDED ENTRY--TOPICAL TERM (OCLC, RLIN)
Topical term or geographic name as entry element Differential equations, Partial--Asymptotic theory; Harmonic analysis; Homogenization (Differential equations); Lie groups; Mathematics; Operator theory; Topological groups
700 ## - ADDED ENTRY--PERSONAL NAME
Personal name Elst, A.F.M.ter
700 ## - ADDED ENTRY--PERSONAL NAME
Personal name Robinson, Derek W.
942 ## - ADDED ENTRY ELEMENTS (KOHA)
Source of classification or shelving scheme Dewey Decimal Classification
Koha item type Books
Holdings
Withdrawn status Lost status Source of classification or shelving scheme Damaged status Not for loan Collection code Home library Current library Date acquired Source of acquisition Cost, normal purchase price Full call number Barcode Date last seen Price effective from Koha item type
    Dewey Decimal Classification     General Text Book Central University Of Rajasthan Central University Of Rajasthan 07/03/2012 MTH 6459.00 512.55 D91A 715 21/11/2024 02/09/2020 Books